00403nam a2200157Ia 4500008004100000020001500041040001900056041001200075082002500087100001800112245003800130260002300168300002400191650001200215850001800227131103s9999 xx 000 0 und d a8170419441 aLoreto College aEnglish a907/YADbLCBED/13169 aYadav, Nirmal aTeaching of HistorycNirmal Yadav aDelhibAnmolc2001 aviii,184p. c 22cm. aHistory aLCBED/907/YAD